Annual report /

Gardado en:
Detalles Bibliográficos
Título anterior:First Mildura Irrigation Trust. Chairman's report
Autor Corporativo: First Mildura Irrigation Trust
Formato: Revista
Idioma:English
Publicado: Mildura [Vic.] : The Trust, 1982-.
Subjects:
LEADER 01462cas a2200361 a 4500
001 c000224981
003 CARM
005 20070531122101.0
008 841128c19829999vraar p s0 0eng d
019 1 |a 3510298  |5 LACONCORD2021 
035 |a (OCoLC)215268933  |5 LACONCORD2021 
040 |a NSL:RB  |b eng  |c NSL:RB  |d VSL 
042 |a anuc 
043 |a u-at-vi 
082 1 4 |a 631.7/06/09459  |2 19 
110 2 |a First Mildura Irrigation Trust. 
240 1 0 |a Annual report (1982) 
245 1 0 |a Annual report /  |c First Mildura Irrigation Trust. 
246 3 6 |a Chairman's annual report 
260 |a Mildura [Vic.] :  |b The Trust,  |c 1982-. 
300 |a v. ;  |c 22 cm. 
362 0 |a 1981-82- 
500 |a Cover title. 
610 2 0 |a First Mildura Irrigation Trust  |v Periodicals. 
650 0 |a Irrigation  |z Victoria  |z Mildura  |v Periodicals. 
780 0 0 |a First Mildura Irrigation Trust.  |t Chairman's report 
852 8 |b CARM  |h A2:AL37C0  |i F01116  |p 0314611  |f SE 
852 8 |b CARM  |h A1:AO02E0  |i F02137  |p 0377543  |f SE 
866 0 |a (1991-1992)-108(2002/2003) Inc. 
866 0 |a (1991-1992)-108(2002/2003) Inc. 
999 f f |i bf2ae2f3-4b8a-578a-bd74-3aa281aa63b7  |s bdf028ed-8cf8-57f5-8ed7-525fa1bd94a7 
952 f f |p Can circulate  |a CAVAL  |b CAVAL  |c CAVAL  |d CARM 1 Store  |e F02137  |f A1:AO02E0  |h Other scheme  |i book  |k 100(1994/1995); 102(1996/1997)-108(2002/2003)  |m 0377543 
952 f f |p Can circulate  |a CAVAL  |b CAVAL  |c CAVAL  |d CARM 1 Store  |e F01116  |f A2:AL37C0  |h Other scheme  |i book  |k (1991-1992)-(1993-1994)  |m 0314611